Problems on applied thermodynamics
Gardado en:
| Main Authors: | , , |
|---|---|
| Formato: | Libro |
| Idioma: | inglés |
| Publicado: |
Nueva York
Macmillan
1938
|
| Edición: | 1a. ed |
| Subjects: | |
| Tags: |
Engadir etiqueta
Sen Etiquetas, Sexa o primeiro en etiquetar este rexistro!
|
MARC
| LEADER | 00000nam a2200000 a 4500 | ||
|---|---|---|---|
| 001 | UCI8428 | ||
| 003 | CL-VaPUC | ||
| 008 | 080904e19380000US |||||||||||||||||eng|d | ||
| 082 | 0 | 4 | |a 536.7 |b FAI |2 21 |
| 100 | 0 | |a Faires, Virgil Moring |e author |9 531907 | |
| 700 | 0 | |a Brewer, Alexander V |e author |9 531908 | |
| 700 | 0 | |a Simmang, Clifford M |e author |9 531909 | |
| 245 | 1 | 0 | |a Problems on applied thermodynamics |
| 250 | |a 1a. ed | ||
| 300 | |a 151 p | ||
| 942 | |c BK | ||
| 945 | |d 20080904 00:00:00 |a rbrito | ||
| 260 | |a Nueva York |b Macmillan |c 1938 | ||
| 650 | 0 | |a Termodinámica |9 259320 | |
| 650 | 0 | |a Energía |9 259431 | |
| 650 | 0 | |a Gases |9 260945 | |
| 650 | 0 | |a Refrigeración |9 259343 | |
| 650 | 0 | |a Combustión |9 339668 | |
| 583 | |a last modification |c 20080904 00:00:00 |k Rodrigo Vera | ||
| 999 | |c 331324 |d 331322 | ||